000 00757nam a2200181 a 4500
001 BRCA_245
005 20190320202931.0
008 041005s1984----mx-a---###---#000-0#spa-#
050 4 _aF1233.5
_b.D52 1984
100 1 _aDíaz de Ovando, Clementina
_9850
245 1 0 _aLas fiestas patrias en el México de hace un siglo, 1883
_cClementina Díaz de Ovando.
260 _aMéxico
_bCentro de Estudios de Historia de México, CONDUMEX (CARSO)
_cc1984
300 _a65 p.
_bil.
_c21 cm.
440 0 _aDiscursos, ensayos y conferencias
_v7
_9851
500 _aConferencia realizada en el Centro de Estudios de Historia de México Condumex, el 14 de septiembre de 1983
650 1 4 _aMéxico
_vDiscursos, ensayos y conferencias
_xHistoria
_y1867-1910
_9852
942 _2lcc
_cB
999 _c201
_d201